000 00372nam a2200181Ia 4500
100 _aRajput/R.K
650 _aThermal engineering
250 _a7
942 _cBK
366 _f10
654 _athermal
245 _aThermal Engineering
260 _bLaxmi publications
_c2009
082 _a621.402/RAJ
_bRAJ
300 _a1679
546 _aENGLISH
999 _c34322
_d34322